|
|
|
|
| LEADER |
00654nta a2200181 i 4500 |
| 001 |
dipl122018 |
| 005 |
20220223080148.0 |
| 008 |
220210s2001 hu om 0|| hun d |
| 040 |
|
|
|a SZTE Diploma Repozitórium
|b hun
|
| 041 |
|
|
|a hun
|
| 100 |
2 |
|
|a Jánosiné Salamon Gyöngyi
|
| 245 |
1 |
2 |
|a A konfliktusok kezelése az iskolában
|h [elektronikus dokumentum] /
|c Gyöngyi Jánosiné Salamon
|
| 260 |
|
|
|c 2001
|
| 650 |
|
4 |
|a Bölcsészettudományok
|
| 650 |
|
4 |
|a Social sciences
|
| 650 |
|
4 |
|a Educational sciences
|
| 700 |
2 |
|
|a Felleginé Takács Anna
|e ths
|
| 856 |
4 |
0 |
|u http://diploma.bibl.u-szeged.hu/id/eprint/122018/1/2001_janosine_salamon_gyongyi.pdf
|z Dokumentum-elérés
|